Statistics for Countries That Border Peru In Alphabetical Order

Click here to take the quiz!

General Stats

  • This quiz has been taken 49 times
  • The average score is 4 of 5

Answer Stats

Answer% Correct
Bolivia
96%
Brazil
93%
Chile
89%
Colombia
71%
Ecuador
64%

Score Distribution

Percentile by Number Answered

Percent of People with Each Score

Your Score History

You have not taken this quiz